| 000 | 03068nam0a2200493 4500 | ||
|---|---|---|---|
| 001 | RU\NLR\BIBL_A\022532387 | ||
| 005 | 20251218160533.0 | ||
| 010 |
_a978-5-91298-312-2 _9500 |
||
| 021 |
_aRU _bКН-П-25-013259 _9КН-П-25-1336 |
||
| 035 | _a(NLR Aleph) 022532387 | ||
| 090 |
_a13506281 _c13506281 |
||
| 100 | _a20250428d2024 k y0rusy50 ca | ||
| 101 | 0 | _arus | |
| 102 | _aRU | ||
| 105 | _aac z 000yy | ||
| 181 | 0 |
_ai _baxxe |
|
| 182 | 0 | _an | |
| 200 | 1 |
_aПостколониальная Африка южнее Сахары. Вопросы гуманитарного знания _dPostcolonial sub-Saharan Africa. Issues of humanitarian knowledge _eопыт междисциплинарного исследования _eмонография _fА. Н. Мосейко, Е. В. Харитонова _gФедеральное государственное бюджетное учреждение науки Институт Африки Российской академии наук _zeng |
|
| 203 |
_aТекст _bвизуальный _cнепосредственный |
||
| 210 |
_aМосква _cИнститут Африки РАН _d2024 |
||
| 215 |
_a471 с., [4] л. цв. ил., портр. _cил., портр. _d21 |
||
| 300 | _aНа 471-й с. авт.: Мосейко А. Н. – канд. филос. наук, доц., Харитонова Е. В. – канд. психол. наук, доц. | ||
| 300 | _aАвт. также на англ. яз.: A. N. Moseyko, E. V. Kharitonova | ||
| 300 | _aЗагл. корешка: Постколониальная Африка южнее Сахары | ||
| 320 | _aБиблиогр.: с. 458–470 и в подстроч. примеч. | ||
| 320 | _aДругие тр. 1-го авт. на 4-й обл. | ||
| 510 | 1 |
_6z11790 _aPostcolonial sub-Saharan Africa. Issues of humanitarian knowledge _zeng |
|
| 516 | 1 | _aПостколониальная Африка южнее Сахары | |
| 517 | 1 | _aВопросы гуманитарного знания | |
| 606 | 1 |
_aФилософия африканская _xИстория _z20 в. _2nlr_sh1 _2nlr_sh2 _3RU\NLR\AUTH\661390386 |
|
| 606 | 1 |
_aИдеология _yАфриканские страны _z1945 - _2nlr_sh2 _3RU\NLR\AUTH\6601755203 |
|
| 606 | 1 |
_aРелигия _yАфрика _2nlr_sh1 _2nlr_sh2 _3RU\NLR\AUTH\6694730 |
|
| 686 | 1 | _aТ3(6)63-72 | |
| 686 | 1 | _aЮ3(6)6 | |
| 686 | 1 | _aЭ239(6) | |
| 700 | 1 |
_aМосейко _bА. Н. _f1928- _gАида Николаевна _3RU\NLR\AUTH\770286665 |
|
| 701 | 1 |
_aХаритонова _bЕ. В. _cканд. психол. наук, африканист _gЕлена Владимировна _3RU\NLR\AUTH\7768657 |
|
| 790 | 1 |
_6z11 _aMosejko _bA. N. _f1928- _gAida Nikolaevna _3RU\NLR\AUTH\770286666 |
|
| 790 | 1 |
_6z11 _6z11510 _aCharitonova _bE. V. _cканд. психол. наук, африканист _gElena Vladimirovna _3RU\NLR\AUTH\770263043 |
|
| 942 | _cBOOK | ||
| 980 | _aNB | ||